[Event "C.to Europeo U18"]
[Site "Fermo ITA"]
[Date "2009.09.03"]
[Round "4"]
[White "Cabrera Trujillo, Jorge Juan"]
[Black "Yilmazyerli, Mert"]
[Result "1/2-1/2"]
[WhiteElo "2410"]
[BlackElo "2255"]
[PlyCount "42"]
[EventDate "2009.08.31"]

1. e4 c5 2. Nf3 d6 3. d4 cxd4 4. Nxd4 Nf6 5. Nc3 g6 6. Be3 Bg7 7. f3 Nc6 8. Qd2
O-O 9. O-O-O d5 10. Kb1 Nxd4 11. e5 Nf5 12. exf6 exf6 13. Nxd5 Nxe3 14. Qxe3
Be6 15. Bc4 f5 16. Qa3 Bxd5 17. Rxd5 Qc7 18. Qc5 Qxc5 19. Rxc5 Rac8 20. Rxc8
Rxc8 21. Bd3 Be5 1/2-1/2

[Event "C.to Europeo U18"]
[Site "Fermo ITA"]
[Date "2009.09.03"]
[Round "4"]
[White "Filippas, Sebastian"]
[Black "Sivuk, Vitaly"]
[Result "1-0"]
[WhiteElo "2224"]
[BlackElo "2346"]
[PlyCount "120"]
[EventDate "2009.08.31"]

1. d4 Nc6 2. Nf3 d6 3. e4 Nf6 4. Nc3 g6 5. Be2 Bg7 6. O-O O-O 7. h3 a6 8. a4 e5
9. d5 Ne7 10. a5 Nh5 11. Re1 h6 12. Bf1 Nf4 13. Kh2 f5 14. exf5 Nxf5 15. Ne4 g5
16. Ra3 Kh8 17. g3 Ng6 18. Nfxg5 hxg5 19. Qh5+ Nh6 20. Bxg5 Nf4 21. gxf4 Qe8
22. Qh4 Qg6 23. Rg3 Bf5 24. Bf6 Rxf6 25. Rxg6 Rxg6 26. Ng3 Bxc2 27. f5 Rf6 28.
Nh5 Rxf5 29. Nxg7 Kxg7 30. Rc1 Rf4 31. Qg3+ Bg6 32. Rxc7+ Kf6 33. Be2 Nf5 34.
Qg1 Nd4 35. Bg4 Rh8 36. Qg3 Bf7 37. Rd7 Nb5 38. Be2 Nd4 39. Bg4 Nb5 40. Rxb7
Bxd5 41. Rb6 Ke7 42. Bf3 Rg8 43. Qxf4 exf4 44. Bxd5 Rc8 45. Rxa6 Rc2 46. Rb6
Rxf2+ 47. Kg1 Rxb2 48. Bc4 Rb1+ 49. Bf1 Ke6 50. Rxb5 Ra1 51. Kf2 d5 52. h4 Ke5
53. h5 Ra2+ 54. Kg1 f3 55. h6 Ra4 56. h7 Rh4 57. Bd3 Rh3 58. Rb8 Kd4 59. h8=Q+
Rxh8 60. Rxh8 Kxd3 1-0

[Event "C.to Europeo U18"]
[Site "Fermo ITA"]
[Date "2009.09.03"]
[Round "4"]
[White "Garnelis, Julius"]
[Black "Recuero Guerra, David"]
[Result "1/2-1/2"]
[WhiteElo "2228"]
[BlackElo "2460"]
[PlyCount "58"]
[EventDate "2009.08.31"]

1. e4 c5 2. Nf3 d6 3. d4 cxd4 4. Nxd4 Nf6 5. Nc3 Nc6 6. Bg5 e6 7. Qd2 Be7 8.
O-O-O a6 9. f4 Nxd4 10. Qxd4 b5 11. Bxf6 gxf6 12. e5 d5 13. f5 fxe5 14. Qxe5
Bf6 15. Qg3 Bh4 16. Qf3 O-O 17. Kb1 Kh8 18. Bd3 Bf6 19. Ne4 Bb7 20. Nc5 Qe7 21.
Nxb7 Qxb7 22. fxe6 fxe6 23. Qh5 Qe7 24. Rhe1 Ra7 25. Qg4 e5 26. Bf5 Rg8 27. Qh3
Rd8 28. Qb3 Qf7 29. Rf1 Rd6 1/2-1/2

[Event "C.to Europeo U18"]
[Site "Fermo ITA"]
[Date "2009.09.03"]
[Round "4"]
[White "Getz, Nicolai"]
[Black "Vukcevic, Nemanja"]
[Result "1-0"]
[WhiteElo "2219"]
[BlackElo "1996"]
[PlyCount "65"]
[EventDate "2009.08.31"]

1. e4 c5 2. Nf3 d6 3. d4 cxd4 4. Nxd4 Nf6 5. Nc3 a6 6. Be3 e5 7. Nb3 Be6 8. Qd2
Be7 9. O-O-O Ng4 10. g3 Nd7 11. f4 Nxe3 12. Qxe3 O-O 13. Kb1 Qb6 14. Qd2 Nf6
15. f5 Bd7 16. g4 Bc6 17. Qg2 Kh8 18. Be2 Qe3 19. Bf3 b5 20. g5 Ng8 21. Rhg1 a5
22. f6 gxf6 23. gxf6 Bxf6 24. Rxd6 Ne7 25. Rxf6 Rg8 26. Bg4 a4 27. Rf3 Qa7 28.
Nc1 Rxg4 29. Qxg4 Rg8 30. Qh4 Rxg1 31. Qf6+ Rg7 32. Rg3 Ng6 33. Qxc6 1-0

[Event "C.to Europeo U18"]
[Site "Fermo ITA"]
[Date "2009.09.03"]
[Round "4"]
[White "Gevorgyan, David"]
[Black "Paichadze, Luka"]
[Result "0-1"]
[WhiteElo "2274"]
[BlackElo "2420"]
[PlyCount "70"]
[EventDate "2009.08.31"]

1. c4 Nf6 2. Nc3 e5 3. g3 g6 4. Bg2 Bg7 5. e3 d6 6. Nge2 h5 7. h4 c6 8. d4 O-O
9. b4 Bg4 10. Qc2 exd4 11. Nxd4 Nbd7 12. O-O Ne5 13. f3 Bd7 14. c5 d5 15. Nd1
Re8 16. Nb2 Qc7 17. Bd2 Re7 18. e4 dxe4 19. fxe4 Nfg4 20. Bg5 Ree8 21. Qd2 a5
22. a3 b5 23. Bf4 Rad8 24. Rfd1 Bc8 25. Kh1 Rd7 26. Qe2 Qd8 27. Nb3 axb4 28.
axb4 Nc4 29. Rxd7 Bxd7 30. Bg5 Qc8 31. Nxc4 bxc4 32. Qxc4 Be6 33. Qa6 Bxb3 34.
Qxc8 Rxc8 35. Ra6 Bc4 0-1

[Event "C.to Europeo U18"]
[Site "Fermo ITA"]
[Date "2009.09.03"]
[Round "4"]
[White "Giacchetti, Lorenzo"]
[Black "Van Cappellen, Jonas"]
[Result "0-1"]
[WhiteElo "1818"]
[BlackElo "2002"]
[PlyCount "88"]
[EventDate "2009.08.31"]

1. e4 c5 2. Nf3 d6 3. d4 cxd4 4. Nxd4 Nf6 5. Nc3 g6 6. Be3 Bg7 7. Bc4 Nc6 8.
Bb3 O-O 9. f3 Bd7 10. Qd2 Rc8 11. O-O-O Nxd4 12. Bxd4 b5 13. Nd5 Nxd5 14. Bxg7
Kxg7 15. Bxd5 a5 16. Qd4+ f6 17. a3 Qc7 18. Rd2 Qc5 19. h4 Qxd4 20. Rxd4 f5 21.
Re1 Kf6 22. exf5 gxf5 23. Rd2 Rc5 24. Bb3 Re5 25. Rxe5 Kxe5 26. Re2+ Kf6 27.
Kd1 e6 28. Ke1 Rb8 29. Rd2 d5 30. g4 a4 31. Ba2 b4 32. axb4 Rxb4 33. c3 Rf4 34.
Rd4 Rxf3 35. gxf5 Rxf5 36. Bb1 Rh5 37. Rf4+ Ke5 38. Rf7 Rxh4 39. Bxh7 Bb5 40.
Rb7 Bc4 41. Bc2 Kf4 42. Re7 d4 43. Bxa4 Ke3 44. Bc6 Rg4 0-1

[Event "C.to Europeo U18"]
[Site "Fermo ITA"]
[Date "2009.09.03"]
[Round "4"]
[White "Gonzalez Laso, Adrian"]
[Black "Salentiny, Eric"]
[Result "1-0"]
[WhiteElo "2059"]
[BlackElo "1861"]
[PlyCount "109"]
[EventDate "2009.08.31"]

1. e4 b6 2. d4 Bb7 3. Bd3 e6 4. Nf3 Ne7 5. O-O Ng6 6. Be3 Be7 7. Nbd2 d6 8. c4
O-O 9. Qe2 e5 10. b4 exd4 11. Nxd4 c5 12. bxc5 dxc5 13. Nf5 Bf6 14. Rab1 Ne5
15. Bc2 Nbc6 16. f4 Ng6 17. Rfd1 Nd4 18. Nxd4 Bxd4 19. Kh1 Bxe3 20. Qxe3 Qh4
21. Nb3 Rab8 22. Rd7 Qxf4 23. Qxf4 Nxf4 24. Nxc5 Bc6 25. Rd6 Rbc8 26. Nb3 Ba4
27. g3 Ne6 28. Bd3 Rfd8 29. e5 Rxd6 30. exd6 Bxb3 31. axb3 Rd8 32. Rd1 g6 33.
Bc2 Kf8 34. b4 Kg7 35. Kg2 Kf6 36. Kf3 Ke5 37. Rd5+ Kf6 38. c5 bxc5 39. bxc5
Nxc5 40. Rxc5 Rxd6 41. Be4 Rd2 42. h4 Ra2 43. Bd5 Ra3+ 44. Kf4 Ra4+ 45. Be4 h6
46. Rc6+ Kg7 47. Ke5 Ra3 48. Rc7 Rxg3 49. Bd5 Rh3 50. Rxf7+ Kh8 51. Rxa7 Rxh4
52. Be6 Rh2 53. Kf6 Rg2 54. Ra8+ Kh7 55. Bg8+ 1-0

[Event "C.to Europeo U18"]
[Site "Fermo ITA"]
[Date "2009.09.03"]
[Round "4"]
[White "Janev, Tihomir"]
[Black "Sreeves, Clement"]
[Result "1-0"]
[WhiteElo "2322"]
[BlackElo "2011"]
[PlyCount "70"]
[EventDate "2009.08.31"]

1. d4 f5 2. g3 Nf6 3. Bg2 e6 4. c4 Be7 5. Nc3 O-O 6. Nh3 d6 7. Nf4 e5 8. dxe5
dxe5 9. Qxd8 Bxd8 10. Ne6 Re8 11. Nxd8 Rxd8 12. Bg5 c6 13. O-O Na6 14. Rad1 Be6
15. b3 h6 16. Be3 Rxd1 17. Rxd1 Kf7 18. Bc1 Nd7 19. e4 Rd8 20. exf5 Ke8 21. g4
Bxf5 22. h3 Bg6 23. Rd6 Nf8 24. Ba3 Rxd6 25. Bxd6 Nd7 26. b4 Bd3 27. b5 Nab8
28. c5 Kd8 29. a4 Kc8 30. Kh2 a6 31. b6 a5 32. Be4 Bc4 33. Bf5 Na6 34. Be7 g6
35. Bxg6 Naxc5 1-0

[Event "C.to Europeo U18"]
[Site "Fermo ITA"]
[Date "2009.09.03"]
[Round "4"]
[White "Krejci, Jan"]
[Black "To, Nhat Minh"]
[Result "0-1"]
[WhiteElo "2453"]
[BlackElo "2366"]
[PlyCount "86"]
[EventDate "2009.08.31"]

1. e4 Nf6 2. e5 Nd5 3. c4 Nb6 4. d4 d6 5. exd6 exd6 6. h3 Be7 7. Nf3 O-O 8. Bd3
c6 9. Nc3 Na6 10. O-O Nb4 11. Bb1 a5 12. a3 Na6 13. Re1 Re8 14. Ng5 Bxg5 15.
Bxg5 Rxe1+ 16. Qxe1 f6 17. Bh4 Nxc4 18. Qe4 g6 19. Qf3 d5 20. Bxf6 Qd6 21. Bg5
Bd7 22. Bh6 Re8 23. Ba2 b5 24. h4 Bf5 25. g4 Be4 26. Nxe4 Rxe4 27. a4 Rxd4 28.
Re1 Nc7 29. axb5 cxb5 30. Bb1 Nd2 31. Bxd2 Rxd2 32. h5 Rd4 33. Rc1 Rc4 34. Rd1
Qf4 35. Kg2 Qxg4+ 36. Qxg4 Rxg4+ 37. Kf3 gxh5 38. Bf5 Rb4 39. Rc1 Rc4 40. Re1
Kg7 41. Bd3 Rd4 42. Rg1+ Kf6 43. Bxh7 Ne6 0-1

[Event "C.to Europeo U18"]
[Site "Fermo ITA"]
[Date "2009.09.03"]
[Round "4"]
[White "Larmuseau, Maarten"]
[Black "Sitnic, Adnan"]
[Result "1-0"]
[WhiteElo "2169"]
[BlackElo "1927"]
[PlyCount "65"]
[EventDate "2009.08.31"]

1. e4 e6 2. d3 c5 3. Nd2 d6 4. g3 Nf6 5. Bg2 Be7 6. Ngf3 O-O 7. O-O Nc6 8. Re1
e5 9. Nf1 b5 10. Ne3 Rb8 11. h3 b4 12. Nh2 Nd4 13. Nhg4 g6 14. c3 bxc3 15. bxc3
Ne6 16. Nxf6+ Bxf6 17. Qa4 Qd7 18. Qa3 Bd8 19. Nd5 Kg7 20. Bd2 Nc7 21. Qc1 Kh8
22. Bh6 Rg8 23. Nxc7 Qxc7 24. Be3 f6 25. Qd2 Qa5 26. Red1 Rg7 27. d4 cxd4 28.
cxd4 Qxd2 29. Rxd2 Ba5 30. Rc2 Bb6 31. dxe5 dxe5 32. Rb1 Rc7 33. Rxb6 1-0

[Event "C.to Europeo U18"]
[Site "Fermo ITA"]
[Date "2009.09.03"]
[Round "4"]
[White "Leniart, Arkadiusz"]
[Black "Gallucci, Alessio"]
[Result "1-0"]
[WhiteElo "2390"]
[BlackElo "2240"]
[PlyCount "89"]
[EventDate "2009.08.31"]

1. e4 c5 2. Nc3 Nc6 3. Nge2 g6 4. g3 Bg7 5. Bg2 e6 6. d3 Nge7 7. Be3 Nd4 8. O-O
O-O 9. f4 d6 10. Qd2 Rb8 11. Nd1 b5 12. Nc1 b4 13. c3 Ndc6 14. Ne2 a5 15. Nf2
Qb6 16. c4 Nd4 17. Bxd4 cxd4 18. g4 f5 19. exf5 gxf5 20. g5 Bb7 21. Bxb7 Qxb7
22. Ng3 Ng6 23. Nh3 e5 24. Qg2 e4 25. dxe4 Nh4 26. Qe2 Rbe8 27. Rae1 fxe4 28.
Nxe4 d5 29. cxd5 Qxd5 30. Nhf2 Nf5 31. Qd3 Qxa2 32. Ng4 Kh8 33. Nef6 Rxe1 34.
Rxe1 Bxf6 35. Nxf6 Rxf6 36. gxf6 Qg8+ 37. Kf2 Nh4 38. Qg3 Nf5 39. Qxg8+ Kxg8
40. Re5 Ne3 41. Rxa5 Nc4 42. Rd5 Nxb2 43. Rxd4 b3 44. Ke3 Kf7 45. Kd2 1-0

[Event "C.to Europeo U18"]
[Site "Fermo ITA"]
[Date "2009.09.03"]
[Round "4"]
[White "Martin Fuentes, Alberto"]
[Black "Pavlidis, Anastasios"]
[Result "1-0"]
[WhiteElo "2244"]
[BlackElo "2348"]
[PlyCount "77"]
[EventDate "2009.08.31"]

1. e4 c5 2. Nc3 Nc6 3. g3 g6 4. d3 Bg7 5. Be3 d6 6. Qd2 Rb8 7. Bg2 b5 8. Nge2
Nd4 9. O-O Nxe2+ 10. Qxe2 Nf6 11. h3 O-O 12. Qd2 Re8 13. f4 b4 14. Ne2 e6 15.
g4 Nd7 16. c3 f5 17. gxf5 exf5 18. Ng3 bxc3 19. bxc3 Qa5 20. Rac1 Nb6 21. exf5
Bxf5 22. Nxf5 gxf5 23. d4 Kh8 24. Bf2 Nc4 25. Qd3 Nb2 26. Qxf5 Rf8 27. Qh5 Rxf4
28. dxc5 Bxc3 29. Be3 Rff8 30. Rxf8+ Rxf8 31. Be4 Rg8+ 32. Kh1 Rg7 33. Rg1 Qa4
34. Qf5 Qe8 35. Rxg7 Kxg7 36. Qxh7+ Kf6 37. Qf5+ Kg7 38. h4 Nd1 39. Bh6+ 1-0

[Event "C.to Europeo U18"]
[Site "Fermo ITA"]
[Date "2009.09.03"]
[Round "4"]
[White "Mordechai, Hanan"]
[Black "Georgescu, Tiberiu-Marian"]
[Result "1/2-1/2"]
[WhiteElo "2263"]
[BlackElo "2382"]
[PlyCount "33"]
[EventDate "2009.08.31"]

1. e4 c5 2. Nf3 Nc6 3. d4 cxd4 4. Nxd4 g6 5. Nc3 Bg7 6. Be3 Nf6 7. Bc4 O-O 8.
Bb3 d6 9. f3 Bd7 10. Qd2 Nxd4 11. Bxd4 b5 12. Nd5 Nxd5 13. Bxg7 Kxg7 14. exd5
a5 15. a3 e5 16. dxe6 Bxe6 17. Bxe6 1/2-1/2

[Event "C.to Europeo U18"]
[Site "Fermo ITA"]
[Date "2009.09.03"]
[Round "4"]
[White "Nabaty, Tamir"]
[Black "Kopylov, Alexander A."]
[Result "1/2-1/2"]
[WhiteElo "2504"]
[BlackElo "2442"]
[PlyCount "94"]
[EventDate "2009.08.31"]

1. e4 c5 2. Nf3 e6 3. d4 cxd4 4. Nxd4 a6 5. Be3 Nf6 6. Nd2 d6 7. f4 g6 8. Qf3
Bg7 9. h3 Nbd7 10. O-O-O O-O 11. g4 e5 12. Ne2 exf4 13. Nxf4 Ne5 14. Qg3 Be6
15. Kb1 b5 16. g5 Nh5 17. Nxh5 gxh5 18. Nb3 Bxb3 19. axb3 Qb8 20. Rd5 Rc8 21.
Bd4 Rc6 22. Be2 Qc7 23. Bxh5 Rxc2 24. Bc3 b4 25. Kxc2 bxc3 26. Qxc3 Nc6 27. Qc4
Nb4+ 28. Kb1 Nxd5 29. exd5 Qe7 30. Rf1 Qxg5 31. Bxf7+ Kh8 32. Be6 Qg2 33. Qc1
Rb8 34. Rf4 Qg3 35. b4 Be5 36. Qc7 Qxf4 37. Qxb8+ Kg7 38. Qa7+ Kh6 39. Qxa6
Qe4+ 40. Ka2 Qc2 41. Qa3 Qc4+ 42. Qb3 Qa6+ 43. Kb1 Qf1+ 44. Kc2 Qf2+ 45. Kd3
Qf1+ 46. Kc2 Qf2+ 47. Kc1 Qf4+ 1/2-1/2

[Event "C.to Europeo U18"]
[Site "Fermo ITA"]
[Date "2009.09.03"]
[Round "4"]
[White "Nuri, Kambez"]
[Black "Bulanov, Dmitri"]
[Result "1-0"]
[WhiteElo "2198"]
[BlackElo "2393"]
[PlyCount "96"]
[EventDate "2009.08.31"]

1. e4 Nf6 2. e5 Nd5 3. d4 d6 4. c4 Nb6 5. exd6 cxd6 6. Nc3 g6 7. h3 Bg7 8. Nf3
O-O 9. Be2 Nc6 10. O-O Bf5 11. Be3 d5 12. c5 Nc4 13. Bxc4 dxc4 14. Qa4 Bd3 15.
Rfd1 f5 16. d5 f4 17. Rxd3 cxd3 18. dxc6 fxe3 19. cxb7 exf2+ 20. Kf1 Rb8 21.
Qc4+ Kh8 22. c6 Qb6 23. c7 Qxb7 24. cxb8=Q Qxb8 25. Rb1 d2 26. Nxd2 Rc8 27. Qe2
Rf8 28. Qc4 Rc8 29. Qe4 Rf8 30. Nf3 Rf4 31. Qe3 Qb4 32. Ne2 Re4 33. Qxf2 h6 34.
Ng3 Qc4+ 35. Kg1 Qxa2 36. Qc2 Re6 37. h4 Rc6 38. Qxc6 Qxb1+ 39. Kh2 Kh7 40. h5
gxh5 41. Nxh5 Bxb2 42. Qe6 Qg6 43. Qxe7+ Kh8 44. Qd8+ Kh7 45. Qc7+ Bg7 46. Nf4
Qe4 47. Qf7 a5 48. Qc7 Qf5 1-0

[Event "C.to Europeo U18"]
[Site "Fermo ITA"]
[Date "2009.09.03"]
[Round "4"]
[White "Piccoli, Vincenzo"]
[Black "Soors, Stef"]
[Result "0-1"]
[WhiteElo "2007"]
[BlackElo "2222"]
[PlyCount "92"]
[EventDate "2009.08.31"]

1. e4 e6 2. d4 d5 3. Nc3 Bb4 4. e5 c5 5. Qg4 Ne7 6. Nf3 Nf5 7. Bd3 cxd4 8. O-O
h5 9. Qf4 dxc3 10. Qxb4 cxb2 11. Bxb2 Qb6 12. Qa3 Nc6 13. Bxf5 exf5 14. Rab1
Be6 15. Rfe1 Qa5 16. Qb3 O-O 17. Qxb7 Rfc8 18. Qb3 d4 19. c4 dxc3 20. Qxc3 Nb4
21. Qd2 Rc2 22. Qg5 Nd3 23. Bd4 Nxe1 24. Rxe1 Rac8 25. Rd1 Qd8 26. Qe3 Qd5 27.
Qg5 a6 28. h3 Qc4 29. Kh2 Rc1 30. Rd2 Bd5 31. e6 Qc7+ 32. Be5 f6 33. Qxf5 fxe5
34. Rxd5 Rf8 35. Qxh5 e4+ 36. Ne5 Rc5 37. e7 Qxe7 38. Qh8+ Kxh8 39. Ng6+ Kh7
40. Nxe7 Rxd5 41. Nxd5 Rxf2 42. a4 Rd2 43. Nb4 Rd4 44. Nxa6 e3 45. Kg3 Re4 46.
Nc5 e2 0-1

[Event "C.to Europeo U18"]
[Site "Fermo ITA"]
[Date "2009.09.03"]
[Round "4"]
[White "Poetz, Florian"]
[Black "Botta, Gabriele"]
[Result "0-1"]
[WhiteElo "2364"]
[BlackElo "2228"]
[PlyCount "66"]
[EventDate "2009.08.31"]

1. e4 c5 2. Nf3 Nc6 3. d4 cxd4 4. Nxd4 Nf6 5. Nc3 e5 6. Ndb5 d6 7. Bg5 a6 8.
Na3 b5 9. Nd5 Be7 10. Bxf6 Bxf6 11. c3 O-O 12. Nc2 Bg5 13. a4 bxa4 14. Rxa4 a5
15. Bc4 Rb8 16. b3 Kh8 17. Nce3 Bxe3 18. Nxe3 Ne7 19. O-O Bb7 20. Qd3 f5 21.
exf5 d5 22. Bb5 Bc8 23. Rfa1 Bxf5 24. Qe2 Qc7 25. c4 d4 26. Nxf5 Nxf5 27. Rxa5
d3 28. Qxd3 Rbd8 29. Qc3 Nd4 30. c5 Qf7 31. Rf1 Nxb5 32. Qg3 Nd4 33. Qxe5 Nc6
0-1

[Event "C.to Europeo U18"]
[Site "Fermo ITA"]
[Date "2009.09.03"]
[Round "4"]
[White "Pomaro, Alberto"]
[Black "Martinovic, Sasa"]
[Result "0-1"]
[WhiteElo "2284"]
[BlackElo "2525"]
[PlyCount "104"]
[EventDate "2009.08.31"]

1. e4 e6 2. d4 d5 3. Nc3 Bb4 4. e5 Ne7 5. a3 Bxc3+ 6. bxc3 c5 7. Qg4 Qc7 8.
Qxg7 Rg8 9. Qxh7 cxd4 10. Ne2 Nbc6 11. f4 Bd7 12. Qd3 dxc3 13. Nxc3 a6 14. Rg1
Rc8 15. Ne2 Na5 16. Nd4 Nec6 17. Be3 Nc4 18. Qh7 Rf8 19. Bxc4 Nxd4 20. Bxd4
Qxc4 21. c3 Bb5 22. Qh5 Rg8 23. Qf3 Qb3 24. Rd1 Qxa3 25. Rd2 Qe7 26. g4 Bc4 27.
g5 a5 28. h4 a4 29. Kf2 a3 30. Ra1 Rh8 31. Kg3 Ra8 32. Qf2 Ra5 33. f5 Kd7 34.
Qf3 a2 35. Rb2 b5 36. Qe3 Kc6 37. Rf2 Ra3 38. fxe6 fxe6 39. Rf6 b4 40. Qc1 Kb5
41. Qb2 Ra4 42. g6 b3 43. Qf2 Ra6 44. Kg4 Qa3 45. Rf7 Rb8 46. Ba7 b2 47. Re1
b1=Q 48. h5 a1=Q 49. Rxb1+ Qxb1 50. Bxb8 Qe4+ 51. Kg3 Qxc3+ 52. Rf3 Qc1 0-1

[Event "C.to Europeo U18"]
[Site "Fermo ITA"]
[Date "2009.09.03"]
[Round "4"]
[White "Rasulov, Vugar Ural Oglu"]
[Black "Kleijn, Christov"]
[Result "1-0"]
[WhiteElo "2482"]
[BlackElo "2377"]
[PlyCount "77"]
[EventDate "2009.08.31"]

1. e4 c5 2. Nf3 d6 3. d4 cxd4 4. Nxd4 Nf6 5. Nc3 a6 6. Bg5 Nbd7 7. f4 Qc7 8.
Qf3 h6 9. Bh4 g5 10. fxg5 hxg5 11. Bxg5 Qc5 12. Be3 Ne5 13. Qe2 Neg4 14. Bg1
Bh6 15. g3 Qb6 16. Rb1 Qa5 17. Nb3 Qg5 18. Bd4 Be6 19. Nd5 Nxd5 20. exd5 Bxd5
21. Bg2 Rg8 22. Bxd5 Qxd5 23. O-O Qh5 24. Rbd1 Rc8 25. c3 Rg6 26. Rfe1 e5 27.
Kh1 Kf8 28. Bg1 Rf6 29. Rf1 Rxf1 30. Rxf1 Qg6 31. Na5 b5 32. Nb7 Ke7 33. Rd1 d5
34. Rxd5 Be3 35. Nd6 Rh8 36. Qf3 Bxg1 37. Nf5+ Ke8 38. Rd6 Bc5 39. Qa8# 1-0

[Event "C.to Europeo U18"]
[Site "Fermo ITA"]
[Date "2009.09.03"]
[Round "4"]
[White "Rombaldoni, Axel"]
[Black "Prohaszka, Peter"]
[Result "0-1"]
[WhiteElo "2425"]
[BlackElo "2508"]
[PlyCount "48"]
[EventDate "2009.08.31"]

1. e4 c6 2. c4 d5 3. exd5 cxd5 4. cxd5 Nf6 5. Nc3 Nxd5 6. Nf3 Nxc3 7. bxc3 g6
8. Bb5+ Bd7 9. Rb1 Bg7 10. O-O O-O 11. d4 Nc6 12. Re1 Re8 13. Ng5 h6 14. Nxf7
Kxf7 15. Bc4+ e6 16. Qg4 Kg8 17. Qxg6 Qf6 18. Qg3 Kh8 19. Re3 Ne7 20. Qc7 Bc6
21. Rxe6 Nd5 22. Rxf6 Re1+ 23. Bf1 Nxc7 24. Rf7 Bb5 0-1

[Event "C.to Europeo U18"]
[Site "Fermo ITA"]
[Date "2009.09.03"]
[Round "4"]
[White "Setala, Touko"]
[Black "Holvason, Juri"]
[Result "0-1"]
[WhiteElo "1808"]
[BlackElo "2118"]
[PlyCount "80"]
[EventDate "2009.08.31"]

1. e4 c5 2. Nc3 a6 3. f4 g6 4. Nf3 Bg7 5. g3 Nc6 6. Bg2 d6 7. d3 e6 8. O-O Nge7
9. h3 O-O 10. Ne2 Rb8 11. g4 f5 12. Ng3 Qc7 13. c3 b5 14. Bd2 a5 15. Rc1 b4 16.
Nh4 Ba6 17. Be3 g5 18. fxg5 d5 19. Nh5 dxe4 20. gxf5 exf5 21. Nxg7 Kxg7 22. Bf4
Qb6 23. Qh5 Bxd3 24. Qh6+ Kg8 25. Bxb8 c4+ 26. Kh1 Qxb8 27. g6 hxg6 28. Nxg6
Kf7 29. Nxf8 Qxf8 30. Qh5+ Ke6 31. Rfe1 Ne5 32. Qg5 Nd5 33. Qd2 Qg7 34. Qf2 Qh7
35. Qd4 Nf3 36. Qf2 Nxe1 37. Qxe1 Qh6 38. Rd1 Qf4 39. cxb4 axb4 40. b3 Ne3 0-1

[Event "C.to Europeo U18"]
[Site "Fermo ITA"]
[Date "2009.09.03"]
[Round "4"]
[White "Stips, Felix"]
[Black "Lobo, Richard A."]
[Result "1-0"]
[WhiteElo "2240"]
[BlackElo "1920"]
[PlyCount "85"]
[EventDate "2009.08.31"]

1. e4 c5 2. Nf3 g6 3. d4 cxd4 4. Nxd4 Nc6 5. c4 Nf6 6. Nc3 d6 7. Be2 Nxd4 8.
Qxd4 Bg7 9. Bg5 O-O 10. Qd2 Be6 11. O-O Qa5 12. Rac1 Rfc8 13. b3 a6 14. f4 b5
15. f5 Bd7 16. fxg6 hxg6 17. e5 b4 18. exf6 bxc3 19. Rxc3 Bh8 20. Rd3 Qxd2 21.
Rxd2 Rc5 22. h4 Bf5 23. fxe7 Be5 24. Bf4 Re8 25. Bxe5 Rxe5 26. Bf3 R8xe7 27.
Rxd6 Ra5 28. Rd2 Re3 29. Rc1 Ree5 30. Kf2 Kf8 31. Rc3 Bb1 32. a4 f5 33. Rd6 Kg7
34. c5 Rexc5 35. Rxc5 Rxc5 36. Rxa6 Rc2+ 37. Kg3 Rb2 38. Rb6 Bc2 39. Bd5 Be4
40. Bxe4 fxe4 41. a5 e3 42. b4 e2 43. Kf2 1-0

[Event "C.to Europeo U18"]
[Site "Fermo ITA"]
[Date "2009.09.03"]
[Round "4"]
[White "Swiercz, Dariusz"]
[Black "Stankovic, Milos"]
[Result "1/2-1/2"]
[WhiteElo "2492"]
[BlackElo "2306"]
[PlyCount "137"]
[EventDate "2009.08.31"]

1. e4 c5 2. Nf3 d6 3. d4 cxd4 4. Nxd4 Nf6 5. Nc3 a6 6. Bc4 e6 7. O-O Be7 8. Bb3
Nc6 9. Be3 O-O 10. f4 Nxd4 11. Bxd4 b5 12. a3 Bb7 13. Qd3 Qc7 14. Rae1 Rfd8 15.
Kh1 d5 16. e5 Ne4 17. Nxe4 dxe4 18. Qe3 Rxd4 19. Qxd4 Rd8 20. Qe3 Bc5 21. Qe2
e3 22. Rd1 Rxd1 23. Rxd1 g6 24. c3 h5 25. Bc2 Kg7 26. Bd3 Qc6 27. Qf1 Qc7 28.
Be2 Be4 29. Bf3 Bc2 30. Rc1 Bb3 31. Qd3 Qa5 32. Re1 Qc7 33. h4 Bc4 34. Qd1 Qe7
35. g3 e2 36. Bxe2 Bf2 37. Kg2 Bxe1 38. Qxe1 Qd7 39. Qd1 Qa7 40. Qd2 Bxe2 41.
Qxe2 Qd7 42. Qc2 Qd5+ 43. Kh2 Qa2 44. Kg1 Qa1+ 45. Kg2 Qa2 46. Kh2 Kg8 47. Kg1
Qa1+ 48. Kg2 Qa2 49. Qd2 Kg7 50. Kf2 Qb1 51. Ke3 Qg1+ 52. Qf2 Qh1 53. Kd3 Qd1+
54. Ke3 Qh1 55. Ke2 Qb1 56. Kf3 Qc1 57. Kg2 Qd1 58. Kh2 Kg8 59. Qg2 Kg7 60. Kh3
Qg4+ 61. Kh2 Qd1 62. Qf2 Qd3 63. Kg1 Qb1+ 64. Kg2 Qd1 65. Kh2 Qd3 66. Qg2 Qd1
67. Qf2 Qd3 68. Kg2 Qd1 69. Kh2 1/2-1/2

[Event "C.to Europeo U18"]
[Site "Fermo ITA"]
[Date "2009.09.03"]
[Round "4"]
[White "Ter-Sahakyan, Samvel"]
[Black "Varga, David"]
[Result "1-0"]
[WhiteElo "2480"]
[BlackElo "2285"]
[PlyCount "107"]
[EventDate "2009.08.31"]

1. e4 e5 2. Nf3 Nf6 3. d4 Nxe4 4. Bd3 d5 5. Nxe5 Nd7 6. Nxd7 Bxd7 7. O-O Bd6 8.
Nc3 Nxc3 9. bxc3 Qh4 10. Re1+ Be6 11. g3 Qh3 12. c4 dxc4 13. Bf1 Qf5 14. d5 Bc5
15. Bf4 O-O-O 16. Re5 Qf6 17. Bxc4 Bf5 18. Be2 Kb8 19. h4 h6 20. Bg4 Bxg4 21.
Qxg4 Bd6 22. Rae1 Bxe5 23. Bxe5 Qg6 24. Qxg6 fxg6 25. Bxg7 Rhg8 26. Bxh6 Rxd5
27. Bf4 Rc5 28. Re2 b6 29. Kg2 Kb7 30. Be5 b5 31. f4 b4 32. g4 Re8 33. Kf3 Ra5
34. c3 Ra3 35. h5 gxh5 36. gxh5 bxc3 37. Rc2 Re6 38. Kg4 c5 39. Kg5 Raa6 40.
Rh2 Kc8 41. Bxc3 Kd7 42. Bg7 Ke8 43. h6 Rg6+ 44. Kf5 Rxg7 45. hxg7 Kf7 46. Rg2
Kg8 47. Ke5 c4 48. f5 Ra5+ 49. Ke6 Ra6+ 50. Ke7 Rb6 51. f6 Rb7+ 52. Ke6 Rb6+
53. Kf5 Rb5+ 54. Ke4 1-0

[Event "C.to Europeo U18"]
[Site "Fermo ITA"]
[Date "2009.09.03"]
[Round "4"]
[White "Torres Ventosa, Pedro Eugenio"]
[Black "Dvornicen, Ivan"]
[Result "1/2-1/2"]
[WhiteElo "2135"]
[BlackElo "1859"]
[PlyCount "102"]
[EventDate "2009.08.31"]

1. d4 d5 2. Bg5 Nd7 3. e3 Ngf6 4. Nf3 c5 5. c3 e6 6. Bd3 Be7 7. O-O O-O 8. Nbd2
b6 9. Ne5 Nxe5 10. dxe5 Nd7 11. Bxe7 Qxe7 12. f4 f5 13. Rf3 g5 14. Rh3 g4 15.
Rh5 Qf7 16. Rg5+ Kh8 17. Qe1 Rg8 18. Rxg8+ Kxg8 19. Qh4 Bb7 20. h3 gxh3 21.
Qxh3 a5 22. Rf1 Ba6 23. Bxa6 Rxa6 24. Rf3 Kf8 25. Qh6+ Kg8 26. Rg3+ Kh8 27. Nf3
Nf8 28. Ng5 Qe7 29. a4 Ra7 30. Rh3 Rb7 31. Kf2 b5 32. axb5 Rxb5 33. Qh5 Rxb2+
34. Kg1 Rb7 35. Qd1 Qe8 36. Rh6 a4 37. Qa1 Ng6 38. Qa3 c4 39. Qd6 Re7 40. Qa6
Kg8 41. Kf2 Nf8 42. Rf6 Qd7 43. Nf3 Qb7 44. Qxa4 Qb2+ 45. Kg3 Rg7+ 46. Ng5
Rxg5+ 47. fxg5 Qe2 48. Kh2 Qxe3 49. Qe8 Qf4+ 50. Kg1 Qc1+ 51. Kf2 Qd2+ 1/2-1/2

[Event "C.to Europeo U18"]
[Site "Fermo ITA"]
[Date "2009.09.03"]
[Round "4"]
[White "Valsecchi, Alessio"]
[Black "Ollier, Pablo"]
[Result "0-1"]
[WhiteElo "2372"]
[BlackElo "2226"]
[PlyCount "100"]
[EventDate "2009.08.31"]

1. e4 e6 2. d4 d5 3. Nc3 Bb4 4. a3 Bxc3+ 5. bxc3 dxe4 6. Qg4 Nf6 7. Qxg7 Rg8 8.
Qh6 Rg6 9. Qd2 b6 10. a4 Bb7 11. a5 e3 12. Qxe3 Rxg2 13. a6 Bc6 14. f3 Ng4 15.
fxg4 Rxg4 16. Be2 Qh4+ 17. Qf2 Qxf2+ 18. Kxf2 Rg2+ 19. Ke3 Rxe2+ 20. Nxe2 Bxh1
21. Ba3 Bd5 22. Rg1 Nxa6 23. c4 Bc6 24. Rg8+ Kd7 25. Rg7 Rh8 26. Rxf7+ Kc8 27.
Nf4 Re8 28. Nh5 Rg8 29. Ng7 Bd7 30. Kf4 Ba4 31. c3 Bb3 32. Nh5 Rg2 33. Rf8+ Kb7
34. h4 Bxc4 35. Nf6 Rc2 36. Nxh7 Rxc3 37. Be7 Nb8 38. h5 Nc6 39. Bf6 Rh3 40.
Kg5 a5 41. h6 a4 42. Rf7 e5 43. Re7 Be6 44. Rg7 Rg3+ 45. Kh4 Rxg7 46. Bxg7 exd4
47. Kg5 a3 48. Nf8 Bg8 49. Ng6 a2 50. Ne7 Bh7 0-1

[Event "C.to Europeo U18"]
[Site "Fermo ITA"]
[Date "2009.09.03"]
[Round "4"]
[White "Zamengo, Bruno"]
[Black "Glibstrup, Jakob"]
[Result "1/2-1/2"]
[WhiteElo "1847"]
[BlackElo "1978"]
[PlyCount "52"]
[EventDate "2009.08.31"]

1. e4 e5 2. Nf3 Nc6 3. Bb5 a6 4. Ba4 Nf6 5. O-O Be7 6. c3 b5 7. Bc2 d6 8. h3
O-O 9. d4 Bb7 10. Nbd2 Re8 11. Re1 Bf8 12. a3 Nb8 13. Re2 Nbd7 14. Qe1 c5 15.
d5 Qc7 16. Nf1 c4 17. Ng3 g6 18. Nh2 Bg7 19. f4 exf4 20. Bxf4 Ne5 21. Rd1 Nfd7
22. Nf3 Re7 23. Qd2 Rae8 24. Bh6 Bh8 25. Rf1 Nb6 26. Ref2 Nbd7 1/2-1/2